| 000 -LEADER |
| fixed length control field |
00844nam a22002535b 4500 |
| 003 - CONTROL NUMBER IDENTIFIER |
| control field |
AR-BaISA |
| 005 - DATE AND TIME OF LATEST TRANSACTION |
| control field |
20190123170029.0 |
| 007 - PHYSICAL DESCRIPTION FIXED FIELD--GENERAL INFORMATION |
| fixed length control field |
ta |
| 008 - FIXED-LENGTH DATA ELEMENTS--GENERAL INFORMATION |
| fixed length control field |
951013s1994 sp ad ||1 ||spa d |
| 020 ## - INTERNATIONAL STANDARD BOOK NUMBER |
| International Standard Book Number |
0201601281 |
| 020 ## - INTERNATIONAL STANDARD BOOK NUMBER |
| International Standard Book Number |
9780201901282 |
| 040 ## - CATALOGING SOURCE |
| Transcribing agency |
AR-BaISA |
| 082 04 - DEWEY DECIMAL CLASSIFICATION NUMBER |
| Edition number |
22 |
| Classification number |
338.5 K16 |
| 100 1# - MAIN ENTRY--PERSONAL NAME |
| Personal name |
Katz, Michael L. |
| 245 10 - TITLE STATEMENT |
| Title |
Microeconomía |
| Medium |
[Texto impreso] / |
| Statement of responsibility, etc. |
Michael L. Katz y Harvey S. Rosen |
| 260 ## - PUBLICATION, DISTRIBUTION, ETC. |
| Place of publication, distribution, etc. |
Wilmington, Delaware: |
| Name of publisher, distributor, etc. |
Addison-Wesley Iberoamerica, |
| Date of publication, distribution, etc. |
1994 |
| 300 ## - PHYSICAL DESCRIPTION |
| Extent |
XXXIII, 742 p.: |
| Other physical details |
il., graf.; |
| Dimensions |
26 cm. |
| 504 ## - BIBLIOGRAPHY, ETC. NOTE |
| Bibliography, etc. note |
Bibliografía: p. 723-727 |
| 504 ## - BIBLIOGRAPHY, ETC. NOTE |
| Bibliography, etc. note |
Índice analítico p: [729]-742 |
| 505 ## - FORMATTED CONTENTS NOTE |
| Title |
El hogar -- |
| -- |
La empresa -- |
| -- |
El modelo competitvo -- |
| -- |
El poder del mercado -- |
| -- |
Los mercados ausentes |
| 650 14 - SUBJECT ADDED ENTRY--TOPICAL TERM |
| Topical term or geographic name entry element |
Microeconomía |
| 9 (RLIN) |
186 |
| 700 1# - ADDED ENTRY--PERSONAL NAME |
| Personal name |
Rosen, Harvey S. |
| Relator term |
aut. |
| 9 (RLIN) |
187 |
| 942 ## - ADDED ENTRY ELEMENTS (KOHA) |
| Source of classification or shelving scheme |
|
| Koha item type |
Libros |